00499nam a2200193 a 4500001001300000003000900013005001700022008004100039020000900080082001500089100002200104245004700126260004100173300000800214500003500222505001000257650001600267700002200283nice12345678IN_TiNIC20260116012618.0050524s1982 newa grp 000 0 eng  ac2500a958.1bILY aIlyinsky, Mikhail aAfghanistan Onward March of the Revolution aNew DelhibSterling Publishersc1982 a88p aincludes index and biblioraphy2 aIndex aAfghanistan1 aIlyinsky, Mikhail